000 00621nam a2200229Ia 4500
003 OSt
005 20221005124246.0
006 a|||||r|||| 00| 0
007 ta
008 221004b |||||||| |||| 00| 0 eng d
024 _a57294
037 _cTextual
040 _aCRL
_cCRL
_beng
041 _2eng
_aeng
082 _aV2:120Q6:K0, 113A
100 _aBartoli Dal P Daniello
_9634932
245 0 _aMissions al Gran Mogor del padre Ridolfo Aquaviva, etc.
260 _c1870
650 _aHISTORY
942 _hV2:120Q6:K0, 113A
_cTEXL
_2cc
999 _c1049910
_d1049910